000 01238nam a22002657a 4500
010 _aA-845260
020 _c150.00
_a8126001488
035 _aA-845260
037 _aCen Lib/Ret
040 _aDPL
_bPA
082 _a
_bਖਾਂਡੇਕ
100 _aਖਾਂਡੇਕਰ, ਵਿਸੰਨੂ ਸਖਾਰਾਮ
_9138090
245 _aਯਯਾਤੀ /
_cਖਾਂਡੇਕਰ, ਵਿਸੰਨੂ ਸਖਾਰਾਮ ; ਅਨੁਵਾਦਕ ਮਨਜੀਤ ਸਿੰਘ
246 _aYayati /
_bby Vishnu Sakharam Khabekar ; translated by Manjeet Singh
260 _a ਨਵੀ ਦਿੱਲੀ
_bਸਾਹਿਤ ਅਕਾਦੇਮੀ
_c1997
270 _bਨਵੀ ਦਿੱਲੀ
_aਰਵਿੰਦਰ ਭਵਨ 35, ਫੀਰੋਜ਼ਸ਼ਾਹ ਮਾਰਗ
_e110001
300 _a416p ;
_b24cm(Hb)
500 _aਸਾਹਿਤ ਅਕਾਦੇਮੀ ਵਲੇੰ ਸਨਮਾਨਿਤ ਮਰਾਠੀ ਨਾਵਲ
650 _aਸਾਹਿਤ --ਪੰਜਾਬੀ
_9138091
650 _aਪੰਜਾਬੀ -- ਨਾਵਲ
_9138092
650 _aliterature--Punjabi
_9138093
650 _aPunjabi-- noval
_9115816
700 _a ਮਨਜੀਤ ਸਿੰਘ
_9138094
942 _2ddc
_cPN
_h
_mਖਾਂਡੇਕ
999 _c110051
_d110051